00582nam a22001937a 450000500170000001000130001702000110003003500130004103700160005404000120007008200190008224500780010126000470017927000440022630000280027065000520029865000190035070000190036920170124105957.0 aB-089720 c250.00 aB-089720 bCen Lib/Ret aDPLbEN a335.43092bSGS aS.G.Sardesai :cedited by A.B.Bardhan...[et al.]bpatriot and communist / aNew DelhibPeople's Publishing Housec1998 bNew Delhia5-E Rani Jhansi Roade110055 a190p. :c20cm(Hb)bill. aCommunists -- India -- Maharashtra -- Biography aSardesai, S.G. aBardhan, A. B.